Datum a čas kvízu
33
Celkem bodů
Celkový počet nahraných bodů na tomto kvízu bez doplňovacích otázek.
6.
Pořadí na kvízu
Konečné umístění týmu na tomto kvízu.
Zaznamenané odpovědi
| # | Otázka | Odpověď | Body | Výsledky |
|---|---|---|---|---|
| 1. | Minulý týden zaplnily internet... | A | 1 | |
| 2. | Běloruský vůdce Alexandr Lukaš... | B | 1 | |
| 3. | Minulý týden proběhlo internet... | Bílý balet | 1 | |
| 4. | Zrekonstruovaný železniční mos... | Šlechtična | 1 | |
| 5. | V neděli proběhl již 132. roč... | Mr Spex | 1 | |
| 6. | Podívejme se nejprve na velblo... | C | 0 | |
| 7. | Přiřaďte správné výrazy k jeji... | 1C 2D 3B 4A | 1 | |
| 8. | České slovo velbloud ukazuje,... | C | 0 | |
| 9. | Tři veteráni jsou pohádková kl... | Rudolf Hrušínský | 1 | |
| 10. | Velblouda dostala Plzeň do zna... | Jan Čapek ze Sán | 0 |